Les 11 clubs de Serie A avec le plus de titres de champion - Statistiques

Statistiques générales
  • Ce quiz a été pris 203 fois
  • Le résultat moyen est 8 sur 11
Statistiques - réponses
Top Nb titre de champion Club % Correct
2 19 AC Milan
99%
3 19 Inter
99%
1 36 Juventus
99%
11 2 SSC Napoli
95%
10 2 Lazio Roma
89%
8 3 AS Roma
85%
9 2 ACF Fiorentina
67%
5 8 Torino FC
56%
4 9 Genoa CFC
47%
6 7 Bologna FC
41%
7 7 Pro Vercelli
5%
Aucun quiz correspondant
Distribution des résultats
% des personnes avec chaque résultat
Percentile par nombre de réponses
Votre historique - résultats
Vous n’avez pas pris ce quiz